00659cam a22002053a 450000100060000000300060000600500170001200800410002904000150007004200070008505000090009224501440010126000290024550600300027451600200030465300330032470000250035783000290038285600420041118772PGUSA20140828083411.0060706s2006||||xxu|||||s|||||000 | eng d aPGUSAbeng adc 4aE15110aTwentieth Century Negro Literature :bOr, A Cyclopedia of Thought on the Vital Topics Relating to the American Negroh[electronic resource] bProject Gutenberg,c2006 aPublic domain in the USA. aElectronic text aAfrican Americans -- History1 aCulp, Daniel Wallace 0aProject Gutenbergv1877240uhttp://www.gutenberg.org/ebooks/18772